000
00274nam a22001097a 4500
082
_a
520
100
_a
WITTICH, WALTER ARNO,SCHULLER, C. F
_9
60241
245
_a
AUDIO VISUAL MATERIALS THEIR NATURE AND USE
260
_a
NEWYORK
_b
HARPER
_c
1953
300
_a
564P
942
_c
BK
999
_c
570024
_d
570024